000 00626nam a2200181Ia 4500
001 10033
003 GE_BSU
008 181216s||||||||xx |||||||||||||| ||und||
040 _cGE_BSU
245 _aქართველური მემკვიდრეობა. XVII. 2013
245 _cრედ.დადიანი ეკა
260 _aქუთაისი
260 _bაკაკი წერეთლის სახ. უნ–ტის გამ–ბა
260 _c2013
300 _a414გვ.24სმ.
653 _aქართველური მემკვიდრეობა
942 _cCR
999 _c43306
_d43306